Strafeinschätzung und Delinquenz bei Jugendlichen und Heranwachsenden: Ein Beitrag zur empirischen Analyse der generalpräventiven Wirkungen der Strafe

Saved in:
Bibliographic Details
Main Author: Dölling, Dieter (Author)
Format: Chapter/Article
Language:German
Published: 1983
In: Deutsche Forschungen zur Kriminalitätsentstehung und Kriminalitätskontrolle ; 1
Year: 1983, Pages: 51-85
Online Access: Get full text
Author Notes:D. Dölling

MARC

LEADER 00000caa a2200000 c 4500
001 1461817021
003 DE-627
005 20220811013503.0
007 tu
008 130731s1983 xx ||||| 00| ||ger c
035 |a (DE-627)1461817021 
035 |a (DE-576)391817027 
035 |a (DE-599)BSZ391817027 
035 |a (OCoLC)1340491314 
040 |a DE-627  |b ger  |c DE-627  |e rakwb 
041 |a ger 
084 |a 19  |2 sdnb 
100 1 |a Dölling, Dieter  |d 1952-  |0 (DE-588)115867155  |0 (DE-627)077522656  |0 (DE-576)160756383  |4 aut 
245 1 0 |a Strafeinschätzung und Delinquenz bei Jugendlichen und Heranwachsenden  |b Ein Beitrag zur empirischen Analyse der generalpräventiven Wirkungen der Strafe  |c D. Dölling 
264 1 |c 1983 
300 |a 35 
336 |a Text  |b txt  |2 rdacontent 
337 |a ohne Hilfsmittel zu benutzen  |b n  |2 rdamedia 
338 |a Band  |b nc  |2 rdacarrier 
773 0 8 |i In  |t Deutsche Forschungen zur Kriminalitätsentstehung und Kriminalitätskontrolle ; 1  |d Köln : Heymann, 1983  |g (1983), Seite 51-85  |h 706 S.  |w (DE-627)1079210180  |w (DE-576)009210180  |7 nnam  |a Strafeinschätzung und Delinquenz bei Jugendlichen und Heranwachsenden Ein Beitrag zur empirischen Analyse der generalpräventiven Wirkungen der Strafe 
773 1 8 |g year:1983  |g pages:51-85  |g extent:35  |a Strafeinschätzung und Delinquenz bei Jugendlichen und Heranwachsenden Ein Beitrag zur empirischen Analyse der generalpräventiven Wirkungen der Strafe 
951 |a AR 
992 |a 20180110 
993 |a BookComponentPart 
994 |a 1983 
998 |g 115867155  |a Dölling, Dieter  |m 115867155:Dölling, Dieter  |d 910000  |d 950000  |d 950950  |e 910000PD115867155  |e 950000PD115867155  |e 950950PD115867155  |k 0/910000/  |k 1/910000/950000/  |k 2/910000/950000/950950/  |p 1  |x j  |y j 
999 |a KXP-PPN1461817021  |e 2992516465 
BIB |a Y 
JSO |a {"id":{"eki":["1461817021"]},"origin":[{"dateIssuedKey":"1983","dateIssuedDisp":"1983"}],"physDesc":[{"extent":"35 S."}],"type":{"bibl":"chapter"},"title":[{"subtitle":"Ein Beitrag zur empirischen Analyse der generalpräventiven Wirkungen der Strafe","title_sort":"Strafeinschätzung und Delinquenz bei Jugendlichen und Heranwachsenden","title":"Strafeinschätzung und Delinquenz bei Jugendlichen und Heranwachsenden"}],"person":[{"role":"aut","given":"Dieter","family":"Dölling","display":"Dölling, Dieter"}],"language":["ger"],"recId":"1461817021","name":{"displayForm":["D. Dölling"]},"relHost":[{"title":[{}],"type":{"bibl":"book"},"language":["ger","eng"],"disp":"Strafeinschätzung und Delinquenz bei Jugendlichen und Heranwachsenden Ein Beitrag zur empirischen Analyse der generalpräventiven Wirkungen der StrafeDeutsche Forschungen zur Kriminalitätsentstehung und Kriminalitätskontrolle ; 1","relMultPart":[{"titleTranslated":[{"translated":"German research on the development of crime and crime control"}],"id":{"eki":["1079210172"],"isbn":["345219678X"]},"type":{"bibl":"edited-book"},"recId":"1079210172","origin":[{"dateIssuedDisp":"1983-","publisherPlace":"Köln [u.a.]","dateIssuedKey":"1983","publisher":"Heymann"}],"title":[{"title":"Deutsche Forschungen zur Kriminalitätsentstehung und Kriminalitätskontrolle","subtitle":" = German research on the development of crime and crime control","title_sort":"Deutsche Forschungen zur Kriminalitätsentstehung und Kriminalitätskontrolle"}],"ga":1,"language":["ger","eng"],"person":[{"display":"Kerner, Hans-Jürgen","family":"Kerner","given":"Hans-Jürgen","role":"edt"}],"part":{"number":["1"],"number_sort":["1"]},"titleAlt":[{"title":"German research on the development of crime and crime control"}],"name":{"displayForm":["hrsg. von Hans-Jürgen Kerner ..."]}},{"type":{"bibl":"serial"},"disp":"Interdisziplinäre Beiträge zur kriminologischen Forschung","dispAlt":"Interdisziplinäre Beiträge zur kriminologischen Forschung","id":{"issn":["0937-0773"],"zdb":["581371-2"],"eki":["130300489"]},"recId":"130300489","pubHistory":["1.1981 - 17.1986; N.F. 1.1989 - 6.1994; 1.1996 -"],"ga":1,"title":[{"title":"Interdisziplinäre Beiträge zur kriminologischen Forschung","title_sort":"Interdisziplinäre Beiträge zur kriminologischen Forschung"}],"language":["ger"],"physDesc":[{"noteFormat":"23 cm"}],"origin":[{"dateIssuedKey":"1981","publisher":"Nomos ; Heymanns ; Enke ; Nomos-Verl.-Ges.","publisherPlace":"Baden-Baden ; Köln ; Berlin ; Bonn ; München ; Stuttgart ; Baden-Baden","dateIssuedDisp":"1981-"}],"name":{"displayForm":["KfN, Kriminologisches Forschungsinstitut Niedersachsen e.V."]},"part":{"number":["6"],"number_sort":["6,1"]},"corporate":[{"role":"isb","display":"Kriminologisches Forschungsinstitut Niedersachsen"}]}],"id":{"eki":["1079210180"]},"physDesc":[{"extent":"706 S."}],"origin":[{"dateIssuedKey":"1983","publisher":"Heymann","publisherPlace":"Köln","dateIssuedDisp":"1983"}],"recId":"1079210180","part":{"extent":"35","year":"1983","text":"(1983), Seite 51-85","pages":"51-85"}}]} 
SRT |a DOELLINGDISTRAFEINSC1983